La Pinacoteca nazionale di Bologna /

Saved in:
Bibliographic Details
Main Author: Emiliani, Andrea.
Corporate Author: Pinacoteca nazionale (Bologna, Italy)
Format: Book
Language:Italian
Published: Milano : Electa, c1997.
Series:Guide artistiche Electa.
Subjects:
Tags: Add Tag
No Tags, Be the first to tag this record!
LEADER 01076aam a2200313 a 4500
001 007748890-3
005 20070901120243.0
008 980416s1997 it a bc 001 0 ita
010 |a  98139687  
020 |a 8877795107 
035 0 |a ocm38131149 
040 |a DLC  |c DLC  |d MH-FA 
043 |a e-it--- 
050 0 0 |a ND611  |b .E44 1997 
100 1 |a Emiliani, Andrea. 
245 1 3 |a La Pinacoteca nazionale di Bologna /  |c Andrea Emiliani. 
260 |a Milano :  |b Electa,  |c c1997. 
300 |a 218 p. :  |b col. ill. ;  |c 24 cm. 
490 1 |a Guide artistiche Electa 
504 |a Includes bibliographical references (p. 199-212) and index. 
610 2 0 |a Pinacoteca nazionale (Bologna, Italy)  |v Catalogs. 
650 0 |a Painting, Italian  |v Catalogs. 
650 0 |a Painting  |z Italy  |z Bologna  |v Catalogs. 
655 7 |a Catalogs.  |2 fast 
710 2 |a Pinacoteca nazionale (Bologna, Italy) 
776 0 8 |i Online version:  |a Emiliani, Andrea.  |t Pinacoteca nazionale di Bologna.  |d Milano : Electa, ©1997  |w (OCoLC)605458299 
830 0 |a Guide artistiche Electa. 
988 |a 20020608 
906 |0 DLC